000 00980cam a2200265 4500
001 sa 68012791
003 DLC
005 20260227112615.0
008 691028s1967 ii ab 00000 eng
010 _asa 68012791 //r892
025 _aPL480:I-E-9515
050 0 _aHN690.A8
_bG65
082 _a309.1/54/162
100 1 0 _aGoswami, P. C.
_q(Prabhas Chandra),
_d1926-
245 1 2 _aA study in rural change in Assam: Dispur;
_ba report on socio-economic resurvey of a village in Kamrup District.
260 0 _aJorhat,
_bAgro-Economic Research Centre for North East India,
_c1967.
300 _aviii, 165 p.
_billus., map.
_c25 cm.
350 _a8.00
440 0 _aStudies in rural change--Assam series
500 _aCover title: Dispur; a study in rural change in Assam.
650 0 _aVillages
_zIndia
_zAssam
_xCase studies.
651 0 _aDispur
_xEconomic conditions.
651 0 _aDispur
_xSocial conditions.
710 2 0 _aAgro-Economic Research Centre for North East India.
999 _c84764
_d84764